000 00307nam a2200109Ia 4500
008 171204s9999 xx 000 0 und d
245 _aKant's Empirical Psychology:
245 _cPatrick R. Frierson
260 _c2014
650 _xGENERAL PSYCHOLOGY
856 _uhttp://down.ebook777.com/052/1107032652.pdf
999 _c346437
_d346437